01512nas a2200217 454500001000500000005001700005008003700022003001500059040004000074080004800114245003600162264003400198310024300232505061200475041000801087100002801095650002701123650002301150650002501173856009601198429820260407193504.0260407s1991####ag###########|||spa#dAR-UNSa-BCEJYS aAR-UNSa-BCEJYSbspacAR-UNSa-BCEJYS a347.7xDerecho Mercantil. Derecho Comercial10aDoctrina Societaria y Concursal 1aBuenos Aires :bErreparc1991 aMensual Cambia Director Académico a partir del Nº 98, por Ricardo A. Nissen Cambia Director Académico a partir del Nº 138, por Eduardo M. Favier Dubois (h) Cambia Director Académico a partir del Nº 226, por Marcelo L. Perciavalle aEsta publicación mensual agrupa completos trabajos de opinión en materia societaria, concursal, quiebras, cooperativas, asociaciones civiles, mutuales y fundaciones, y modelos prácticos elaborados con el fin de optimizar la tarea diaria del profesional. Comprende: • Doctrina • Jurisprudencia íntegra y comentada: texto completo y comentado por autores de renombre • Jurisprudencia sumariada • Jurisprudencia nacional y provincial • Práctica societaria, concursal y contractual • Consultorio, adonde se exponen las respuestas a las dudas más usuales de la práctica del profesional. aspa1 aParada, Ricardo Antonio aSOCIEDADES COMERCIALES aTITULOS DE CREDITO aCONCURSOS Y QUIEBRAS41uhttps://biblioeco.unsa.edu.ar/pmb/images/revistas/R10515.jpgyImagen de portadaqimage/jpeg